| 000 | 00642nam a2200241Ia 4500 | ||
|---|---|---|---|
| 003 | OSt | ||
| 005 | 20221005120541.0 | ||
| 006 | a|||||r|||| 00| 0 | ||
| 007 | ta | ||
| 008 | 221004b |||||||| |||| 00| 0 eng d | ||
| 024 | _a38267 | ||
| 037 | _cTextual | ||
| 040 |
_aCRL _cCRL _beng |
||
| 041 |
_2eng _aeng |
||
| 082 | _aO:2J64:9z7, 0 | ||
| 100 |
_aDyson H V D _952897 |
||
| 245 | 0 | _aEmergence of Shakespeare's tragedy | |
| 260 | _c1950 | ||
| 490 | _aBritish Academy annual Shakespeare lectures, 1950 | ||
| 650 | _aENGLISH LITERATURE | ||
| 942 |
_hO:2J64:9z7, 0 _cTEXL _2cc |
||
| 999 |
_c1038402 _d1038402 |
||